Lucharon hasta el amanecer
Saved in:
| 主要作者: | |
|---|---|
| 格式: | 图书 |
| 语言: | 西班牙语 |
| 出版: |
Barcelona
Luis de Caralt
1970
|
| 丛编: | Gigante
|
| 主题: | |
| 标签: |
添加标签
没有标签, 成为第一个标记此记录!
|
MARC
| LEADER | 00000nam a2200000 a 4500 | ||
|---|---|---|---|
| 001 | UCH2927 | ||
| 003 | CL-VaPUC | ||
| 008 | 090709e19700000SP |||||||||||||||||spa|d | ||
| 082 | 0 | 4 | |a 843 |b MON |2 21 |
| 100 | |a Montaurier, Jean |e autor |9 538007 | ||
| 245 | 1 | 0 | |a Lucharon hasta el amanecer |
| 300 | |a 282 p | ||
| 942 | |c BK | ||
| 945 | |d 20090709 00:00:00 |a rbrito | ||
| 260 | |a Barcelona |b Luis de Caralt |c 1970 | ||
| 650 | 0 | |a Novela francesa |9 264985 | |
| 583 | |a last modification |c 20090709 00:00:00 |k Rodrigo Vera | ||
| 490 | 0 | |a Gigante | |
| 999 | |c 334587 |d 334585 | ||
| 952 | |0 0 |1 0 |4 0 |6 843_000000000000000_MON_1970 |7 0 |8 X |9 423698 |a FDOBUD |b FDOBUD |d 2019-11-22 |i 4566777 |o 843 MON 1970 |p 4566777 |r 2019-11-22 |w 2019-11-22 |y BK_X |k BUD | ||